| 000 | 01046nam0a22002651 4500 | ||
|---|---|---|---|
| 001 | rc\3050748 | ||
| 005 | 20250806205648.0 | ||
| 035 | _a(NLR Aleph) 007190226 | ||
| 090 |
_a46346 _c46346 |
||
| 100 | _a20111010d1944 u y0rusy50 ca | ||
| 101 | 0 | _arus | |
| 102 | _aRU | ||
| 105 | _ay z ||||| | ||
| 200 | 1 |
_aРабочее расписание движения паротеплоходов транзитных пассажирских линий Московско-Волжско-Камского бассейна на навигацию 1944 года _fНар. ком. реч. флота СССР |
|
| 210 |
_aМосква _cРечиздат _d1944 |
||
| 215 |
_a19 с. _d29 см |
||
| 300 | _aБез обл. | ||
| 710 | 0 | 2 |
_aМосковско-Волжско-Камский водный бассейн _3RU\NLR\AUTH\8819076 |
| 801 | 0 |
_aRU _bNLR _gpsbo |
|
| 801 | 1 |
_aRU _bELAR _2rusmarc |
|
| 852 |
_aNLR _jТ90 Г-8/12 |
||
| 942 | _cBOOK | ||
| 945 | _aРоссийская национальная библиотека | ||
| 980 | _aNB | ||
| 980 | _aBV | ||